MARC details
| 000 -LEADER |
| campo de control de longitud fija |
02184cam a2200373 a 4500 |
| 001 - NÚMERO DE CONTROL |
| campo de control |
3144537 |
| 005 - FECHA Y HORA DE LA ÚLTIMA TRANSACCIÓN |
| campo de control |
20220326193318.0 |
| 008 - DATOS DE LONGITUD FIJA--INFORMACIÓN GENERAL |
| campo de control de longitud fija |
011116s2001 gw a bc 000 0 gerod |
| 016 7# - NÚMERO DE CONTROL DE UNA AGENCIA BIBLIOGRÁFICA NACIONAL |
| Número de control del registro |
96232230X |
| Fuente |
GyFmDB |
| 020 ## - NÚMERO INTERNACIONAL ESTÁNDAR DEL LIBRO |
| Número Internacional Estándar del Libro |
3933096634 |
| 035 ## - NÚMERO DE CONTROL DEL SISTEMA |
| Número de control de sistema |
(OCoLC)48458020 |
| 035 ## - NÚMERO DE CONTROL DEL SISTEMA |
| Número de control de sistema |
(NNC)3144537 |
| 040 ## - FUENTE DE CATALOGACIÓN |
| Centro catalogador/agencia de origen |
*OHX* |
| Centro/agencia transcriptor |
*OHX* |
| Centro/agencia modificador |
WU |
| -- |
NN |
| -- |
WaOLN |
| -- |
CStRLIN |
| -- |
NNC |
| 041 0# - CÓDIGO DE IDIOMA |
| Código de lengua del texto/banda sonora o título independiente |
gereng |
| 082 ## - NÚMERO DE LA CLASIFICACIÓN DECIMAL DEWEY |
| Número de clasificación |
708 |
| Número de ítem |
A792u |
| 100 1# - ENTRADA PRINCIPAL--NOMBRE DE PERSONA |
| Nombre de persona |
Artschwager, Richard, |
| Fechas asociadas al nombre |
1923-2013. |
| 9 (RLIN) |
2448 |
| 245 10 - MENCIÓN DEL TÍTULO |
| Título |
Richard Artschwager : |
| Resto del título |
up and across / |
| Mención de responsabilidad, etc. |
Neues Museum in Nürnberg, Serpentine Gallery, London, MAK, Wien. |
| 246 30 - FORMA VARIANTE DEL TITULO |
| Título propio/Titulo breve |
Up and across |
| 260 ## - PUBLICACIÓN, DISTRIBUCIÓN, ETC. |
| Lugar de publicación, distribución, etc. |
Nürnberg : |
| Nombre del editor, distribuidor, etc. |
Verlag für moderne Kunst, |
| Fecha de publicación, distribución, etc. |
c2001. |
| 300 ## - DESCRIPCIÓN FÍSICA |
| Extensión |
176 p. : |
| Otras características físicas |
ill. (some col.) ; |
| Dimensiones |
27 cm. |
| 500 ## - NOTA GENERAL |
| Nota general |
Catalog of exhibitions at the Neues Museum in Nürnberg, Sept. 7-Nov. 18, 2001, at the Serpentine Gallery, London, Dec. 12, 2001-Feb. 10, 2002, and at MAK, Vienna, Mar. 27-June 16, 2002. |
| 500 ## - NOTA GENERAL |
| Nota general |
Conception for the exhibition: Melitta Kliege and Richard Artschwager in collaboration with Lisa Corrin; Catalog: Melitta Kliege. |
| 504 ## - NOTA DE BIBLIOGRAFÍA, ETC. |
| Nota de bibliografía, etc. |
Includes bibliographical references (p. 173-174). |
| 505 ## - NOTA DE CONTENIDO CON FORMATO |
| Título |
Preface |
| -- |
Challege to looking. The Paintings and Sculturen von Richard Artschwager |
| Mención de responsabilidad |
Melitta Kliege |
| Título |
Artschwager´s Way: An introduction to the Notebooks of Richard Artschwager |
| Mención de responsabilidad |
Lisa G. Corrin |
| Título |
A Revised short History of the Blp |
| Mención de responsabilidad |
Ingrid Schaffner |
| Título |
Art´s Wager: Richard Artschwager and the New York Art World in the sixties |
| Mención de responsabilidad |
Judith E. Stein |
| Título |
Richard Artschawager and Europe |
| Mención de responsabilidad |
Dirk Luckow |
| Título |
Richard Artschwager interviewed by jan mac Devitt in 1965 |
| -- |
autochronology |
| -- |
Works in Exhibition |
| -- |
Documentation on Selected Exhibitions |
| -- |
Biography |
| -- |
authors |
| -- |
Selected Bibliography |
| -- |
authors |
| -- |
Photo Credits |
| -- |
Colophon |
| 546 ## - NOTA DE IDIOMA |
| Nota de lengua/lenguaje |
Text in German and English. |
| 600 10 - PUNTO DE ACCESO ADICIONAL DE MATERIA--NOMBRE DE PERSONA |
| Nombre de persona |
Artschwager, Richard, |
| Fechas asociadas al nombre |
1923-2013 |
| Subdivisión de forma |
Exhibitions. |
| 9 (RLIN) |
2449 |
| 650 ## - PUNTO DE ACCESO ADICIONAL DE MATERIA--TÉRMINO DE MATERIA |
| Término de materia o nombre geográfico como elemento de entrada |
Modern Art |
| Subdivisión cronológica |
Siglo XX |
| 9 (RLIN) |
2450 |
| 700 1# - ENTRADA AGREGADA--NOMBRE PERSONAL |
| Nombre de persona |
Kliege, Melitta, |
| Fechas asociadas al nombre |
1962- |
| 9 (RLIN) |
2451 |
| 700 1# - ENTRADA AGREGADA--NOMBRE PERSONAL |
| Nombre de persona |
Corrin, Lisa G. |
| 9 (RLIN) |
2452 |
| 710 2# - ENTRADA AGREGADA--NOMBRE DE ENTIDAD CORPORATIVA |
| Nombre de entidad corporativa o nombre de jurisdicción como elemento de entrada |
Neues Museum (Nuremberg, Germany) |
| 9 (RLIN) |
2447 |
| 710 2# - ENTRADA AGREGADA--NOMBRE DE ENTIDAD CORPORATIVA |
| Nombre de entidad corporativa o nombre de jurisdicción como elemento de entrada |
Serpentine Gallery. |
| 9 (RLIN) |
2453 |
| 710 2# - ENTRADA AGREGADA--NOMBRE DE ENTIDAD CORPORATIVA |
| Nombre de entidad corporativa o nombre de jurisdicción como elemento de entrada |
Österreichisches Museum für Angewandte Kunst. |
| 9 (RLIN) |
2198 |